| 000 | 00355nam a22001217a 4500 | ||
|---|---|---|---|
| 082 |
_a388.40973 _bTRA _cD |
||
| 110 |
_aNational academy of science . _938678 |
||
| 245 | _aTransportation system management | ||
| 260 |
_aWashington _bThe World Bank _c1977 |
||
| 300 |
_a163 p, : _bill, : _c24 Cm |
||
| 526 |
_a0 _b0 _c0 _d388_409730000000000_TRA |
||
| 942 |
_2ddc _cBK |
||
| 999 |
_c543329 _d543329 |
||